My First Picture Dictionary : (Record no. 168908)

MARC details
000 -LEADER
fixed length control field 01604nam a22003137a 4500
003 - CONTROL NUMBER IDENTIFIER
control field OSt
005 - DATE AND TIME OF LATEST TRANSACTION
control field 20200704152132.0
007 - PHYSICAL DESCRIPTION FIXED FIELD--GENERAL INFORMATION
fixed length control field ta
008 - FIXED-LENGTH DATA ELEMENTS--GENERAL INFORMATION
fixed length control field 180718b my ao||j d||| 00| 0 eng d
020 ## - INTERNATIONAL STANDARD BOOK NUMBER
International Standard Book Number 9786144089569
Terms of availability RM90.00
Qualifying information hardback
040 ## - CATALOGING SOURCE
Original cataloging agency PPAK
Language of cataloging eng
Transcribing agency PPAK
Description conventions rda
041 0# - LANGUAGE CODE
Language code of text/sound track or separate title eng
-- may
-- ara
082 04 - DEWEY DECIMAL CLASSIFICATION NUMBER
Edition number 23
Classification number 423.9923927
090 00 - LOCALLY ASSIGNED LC-TYPE CALL NUMBER (OCLC); LOCAL CALL NUMBER (RLIN)
Classification number (OCLC) (R) ; Classification number, CALL (RLIN) (NR) 423.9923927
Feature heading MYF
Feature heading RK
245 10 - TITLE STATEMENT
Title My First Picture Dictionary :
Remainder of title قاموسي الأوّل المصوَّ : Kamus Bergambar Pertama Saya /
Statement of responsibility, etc. Editor : Dr. Mohd Puzhi Usop
264 4# - PRODUCTION, PUBLICATION, DISTRIBUTION, MANUFACTURE, AND COPYRIGHT NOTICE
Place of production, publication, distribution, manufacture Beirut, Lebanon :
Name of producer, publisher, distributor, manufacturer DIGITAL FUTURE ;
Date of production, publication, distribution, manufacture, or copyright notice [date of publication not identified]
300 ## - PHYSICAL DESCRIPTION
Extent 26 pages :
Other physical details colour illustrations ;
Dimensions 26 cm +
Accompanying material 1 Audio CD
336 ## - CONTENT TYPE
Source rdacontent
Content type term text
337 ## - MEDIA TYPE
Source rdamedia
Media type term unmediated
338 ## - CARRIER TYPE
Source rdacarrier
Carrier type term volume
500 ## - GENERAL NOTE
General note Book is accompanied one audio dics (CD MP3) electronic (MP3) and available at Multimedia Unit.
505 ## - FORMATTED CONTENTS NOTE
Formatted contents note Kamus Bergambar Saya adalah salah satu daripada kamus-kamus berilustrasi khusus pertama untuk kanak-kanak.Kamus ini disediakan sesuai untuk minat dan kecenderungan kanak-kanak kepada ilmu. Mereka akan belajar istilah-istilah asas perkara di sekitar mereka di dalam setiap bahagian kamus ini, Di samping itu, ilustrasi-ilustrasi menarik menjadikan kamus ini lebih menyeronokkan.
546 ## - LANGUAGE NOTE
Language note Parallel English, Malay and Arabic text
650 10 - SUBJECT ADDED ENTRY--TOPICAL TERM
Topical term or geographic name entry element Picture dictionaries
Form subdivision English
General subdivision Juvenile literature
Topical term or geographic name entry element Picture dictionaries
Form subdivision Malay
General subdivision Juvenile literature
Topical term or geographic name entry element Picture dictionaries
Form subdivision Arabic
General subdivision Juvenile literature
700 10 - ADDED ENTRY--PERSONAL NAME
Personal name Mohd Puzhi Usop,
Titles and other words associated with a name Dr.,
Relator term editor.
942 ## - ADDED ENTRY ELEMENTS (KOHA)
Source of classification or shelving scheme Dewey Decimal Classification
Koha item type Book
Holdings
Withdrawn Not for loan Current library Shelving location Date acquired Full call number Barcode Date last seen Koha item type
  Not For Loan e-Pustaka 2 - Alor Setar Bilik Multimedia 06/12/2018 RK 423.9923927 MYF A01586260 06/12/2018 Book